000 00450nam a2200181Ia 4500
005 20250423095656.0
008 250422s9999 xx 000 0 und d
020 _a978o439805193
050 _aPS 3619 .S3/
100 _aSchutz, Samantha.
245 0 _aI don't want to be crazy
260 _aNew York
260 _bScholastic
260 _c2006
300 _a279 p
650 _aAnxiety disorders--Poetry. Young women--Poetry.
942 _cBK
999 _c30994
_d30994